| 000 | 00418nam a2200145Ia 4500 | ||
|---|---|---|---|
| 003 | OSt | ||
| 005 | 20260128113059.0 | ||
| 008 | 211028s2018 xx 000 0 und d | ||
| 040 | _cAIMIT LIBRARY | ||
| 041 | _aeng | ||
| 100 |
_aSali, Abu;Wright, Rowena. _g1616002 _97759 |
||
| 245 | _aStudy on employee training and development at KVR cars Kasaragod / | ||
| 260 |
_aMangalore _bRowena Wright. _c2018 |
||
| 942 |
_2ddc _cPRO |
||
| 999 |
_c219327 _d219327 |
||